| 000 | 00996nam a2200277 i 4500 | ||
|---|---|---|---|
| 001 | 105489 | ||
| 003 | ES-MaACL | ||
| 005 | 20250727062605.0 | ||
| 007 | t| | ||
| 008 | 060719s1968 fr ||||1| spa d | ||
| 080 | _a330.84/.86(04) | ||
| 100 | 1 |
_aModzelewski, Karol. _981755 |
|
| 245 | 1 | 1 |
_a¿Socialismo o burocracia? _b: carta abierta al Partido Obrero Unificado Polaco / _cKarol Modzelewski y Jacek Kuron ; prólogo de Lorenzo Torres ; traducción de Federico Ramos. |
| 260 |
_a[París] : _bRuedo Ibérico, _c[1968] |
||
| 300 |
_a120 p. ; _c22 cm. |
||
| 490 | 1 | _aBiblioteca de cultura socialista | |
| 650 | 1 | 7 |
_aSocialismo _2embne _917147 |
| 700 | 1 |
_aKuro'n, Jacek. _969059 |
|
| 700 | 1 |
_aTorres, Lorenzo. _9110900 |
|
| 700 | 1 |
_aRamos, Federico. _995253 |
|
| 710 | 2 |
_aÉditions Ruedo ibérico. _9145333 |
|
| 830 | 1 |
_aBiblioteca de cultura socialista _9185023 |
|
| 852 |
_aES-MaACL _jAND-290 _z- Biblioteca Juan Andrade. |
||
| 852 | 4 |
_aES-MaACL _jL-3386 |
|
| 999 |
_c105489 _d105489 |
||